|
|
|
|
| LEADER |
01039cam a2200253 7i4500 |
| 001 |
0000056702 |
| 005 |
20201222090000.0 |
| 020 |
|
|
|a 0471576905 (electronic book)
|
| 090 |
0 |
0 |
|a HD58.9
|b .C65 2004
|
| 100 |
1 |
|
|a Cokins, Gary
|
| 245 |
1 |
0 |
|a Performance management :
|b finding the missing pieces (to close the intelligence gap)
|c Gary Cokins.
|
| 264 |
|
|
|a Hoboken, New Jersey:
|b John Wiley & Son,
|c 2004.
|
| 300 |
|
|
|a 1 online rersource (284 pages):
|b text file, PDF.
|
| 336 |
|
|
|a text
|2 rdacontent
|
| 337 |
|
|
|a computer
|2 rdamedia
|
| 338 |
|
|
|a online resource
|2 rdacarrier
|
| 650 |
|
0 |
|a Industrial productivity --
|x Measurement
|
| 650 |
|
0 |
|a Organizational effectiveness --
|x Measurement
|
| 650 |
|
0 |
|a Performance --
|x Measurement
|
| 655 |
|
0 |
|a Electronic books
|
| 856 |
4 |
2 |
|u http://library.unisel.edu.my/equip-unisel/custom/ebook_catalog/ebook/PerformanceManagementFindingtheMissingPieces.pdf
|
| 997 |
|
|
|a Business & Accountancy, Faculty
|
| 998 |
|
|
|a Business Management, Degree
|
| 999 |
|
|
|a EBO0003013
|b EBOOK
|c EBOOK
|e Electronic resources
|